World Capitals Closest to Avarua - One Minute Sprint - Statistics

General Stats
  • This quiz has been taken 21 times
  • The average score is 11 of 20
Answer Stats
km capital miles % Correct
5189 Canberra 3224
95%
3270 Wellington 2302
95%
5815 Port Moresby 3613
84%
2305 Suva 1432
84%
2660 Funafuti 1653
74%
1511 Apia 939
68%
8090 Dili 5027
68%
4285 Yaren 2662
63%
3874 Tarawa 2407
58%
4501 Honiara 2797
53%
7842 Ngerulmud 4873
47%
3364 Port Vila 2090
47%
8661 Santiago 5382
47%
4455 Majuro 2768
42%
1600 Nuku'alofa 994
42%
5559 Palikir 3454
42%
1085 Alofi 674
32%
8549 Guatemala City 5312
16%
8008 Mexico City 4976
16%
8633 San Salvador 5364
11%
No matching quizzes found
Score Distribution
Percent of People with Each Score
Percentile by Number Answered
Your Score History
You have not taken this quiz